Implications of seed dispersal by animals for tropical reserve management (Registro nro. 12022)

Detalles MARC
000 -CABECERA
Campo de control 005300000a22001690004500
090 ## - CLASIFICACIÓN LOCAL
Colección AR
Consecutivo 02964
041 0# - IDIOMA
Código de idioma para texto/pista de sonido o título separado
100 1# - ASIENTO PRINCIPAL--NOMBRE PERSONAL
Nombre personal Howe, Henry F.
245 10 - MENCION DE TITULO
Título Implications of seed dispersal by animals for tropical reserve management
650 14 - ASIENTO SECUNDARIO DE MATERIA - TERMINO TEMATICO
Término temático o nombre geográfico como elemento de entrada Areas protegidas
650 14 - ASIENTO SECUNDARIO DE MATERIA - TERMINO TEMATICO
Término temático o nombre geográfico como elemento de entrada Dispersión de semillas
650 14 - ASIENTO SECUNDARIO DE MATERIA - TERMINO TEMATICO
Término temático o nombre geográfico como elemento de entrada Manejo de reservas
650 14 - ASIENTO SECUNDARIO DE MATERIA - TERMINO TEMATICO
Término temático o nombre geográfico como elemento de entrada Relación planta-animal
650 14 - ASIENTO SECUNDARIO DE MATERIA - TERMINO TEMATICO
Término temático o nombre geográfico como elemento de entrada Coevolución
773 1# - Item fuente:
Título Biological Conservation
Especificación de materiales 147
Paginas del Articulo 261-281
Lugar, editorial y fecha de publicación 1984
Información sobre la relación 30
942 ## - ELEMENTOS ADICIONALES (KOHA)
Tipo de ítem Artículo
Existencias
Withdrawn status Lost status Damaged status No para préstamo Colección Ubicación Permanente Ubicación actual Fecha de adquisición Datos de publicación Seriada Total Checkouts Número topográfico Inventario / Código de Barras Date last seen Ejemplar Price effective from Forma de adquisición Tipo de material
      No para Préstamo Hemeroteca Bogotá Bogotá 27/02/2015 Fuera de circulación   AR 02964 013371 25/03/2015 1 25/03/2015   Artículo